Protocolos e instrumentos para la supervisión educativa (Record no. 8877)

MARC details
000 -LEADER
campo de control de longitud fija 00425nam a2200133Ia 4500
001 - NÚMERO DE CONTROL
campo de control 2906
008 - DATOS DE LONGITUD FIJA--INFORMACIÓN GENERAL
campo de control de longitud fija 241024s9999 xx 000 0 und d
082 ## - NÚMERO DE LA CLASIFICACIÓN DECIMAL DEWEY
Número de clasificación RD/371.2/R426p/2013
100 ## - ENTRADA PRINCIPAL--NOMBRE DE PERSONA
Nombre de persona Ministerio de Estado de Educación. Dirección General de Supervisión Educativa
245 #0 - MENCIÓN DEL TÍTULO
Título Protocolos e instrumentos para la supervisión educativa
260 ## - PUBLICACIÓN, DISTRIBUCIÓN, ETC.
Nombre del editor, distribuidor, etc. Santo Domingo
Fecha de publicación, distribución, etc. 2013
901 ## - ELEMENTOS DE DATOS A LOCAL LDA (RLIN)
a 13/6/2013 3:07:02 p.m.

No items available.

© 2024. Todos los Derechos Reservados. Desarrollado por IDEICE